Premier League Clubs' Record Signings - Statistics

General Stats
  • This quiz has been taken 1,622 times
    697 since last reset
  • The average score is 6 of 20
Answer Stats
Team Player % Correct
Manchester City Jack Grealish
74%
Manchester United Paul Pogba
72%
Liverpool Virgil van Dijk
68%
Arsenal Nicolas Pépé
62%
Chelsea Enzo Fernández
61%
Newcastle United Alexander Isak
51%
Tottenham Hotspur Richarlison
34%
Nottingham Forest Morgan Gibbs-White
26%
Burnley Chris Wood and Ben Gibson
20%
Aston Villa Emiliano Buendía
15%
Everton Gylfi Sigurðsson
14%
Crystal Palace Christian Benteke
13%
Brighton & Hove Albion João Pedro
11%
Wolverhampton Wanderers Matheus Nunes
11%
Sheffield United Rhian Brewster
9%
West Ham United Sébastien Haller
9%
Luton Town Carlton Morris
8%
Brentford Keane Lewis-Potter
4%
Fulham André-Frank Zambo Anguissa
1%
Bournemouth Jefferson Lerma
1%
No matching quizzes found
Score Distribution
Percent of People with Each Score
Percentile by Number Answered
Your Score History
You have not taken this quiz since the last reset